Größte Städte Österreichs nach enthaltenen Buchstaben - Statistiken

Allgemein
  • Dieses Quiz wurde 103 mal gespielt
  • Das Durchschnittsergebnis liegt bei 23 aus 50
Antwortstatistiken
# Bezirk Einwohner Stadt % Korrekt
BCIKNRSU Innsbruck, TI 131.961 Innsbruck
99%
EINW Wien 1.911.191 Wien
99%
AGRZ Graz, ST 291.072 Graz
98%
ILNZ Linz, OÖ 206.595 Linz
95%
ABGLRSUZ Salzburg, SB 155.021 Salzburg
95%
ACHILV Villach, KT 62.882 Villach
93%
AEFGKLNRTU Klagenfurt, KT 101.300 Klagenfurt
91%
BGZ Bregenz, VO 29.711 Bregenz
90%
ENOPST St. Pölten, NÖ 55.514 St. Pölten
89%
BDIOR Dornbirn, VO 49.872 Dornbirn
88%
ELSW Wels, OÖ 62.470 Wels
84%
ADESTUW Wiener Neustadt, NÖ 45.823 Wiener Neustadt
79%
CDFHK Feldkirch, VO 34.210 Feldkirch
77%
TY Steyr, OÖ 38.056 Steyr
68%
M Amstetten, NÖ 23.816 Amstetten
59%
D Baden, NÖ 25.958 Baden
59%
Z Bludenz, VO 14.845 Bludenz
59%
H Hallein, SB 21.314 Hallein
58%
KM Krems, NÖ 25.036 Krems
57%
M Mödling, NÖ 20.564 Mödling
54%
FOW Wolfsberg, KT 25.025 Wolfsberg
53%
Y Melk, NÖ 5.627 Ybbs
53%
F Kufstein, TI 19.527 Kufstein
51%
BKOTU Tulln, NÖ 27.500 Klosterneuburg
48%
J St. Johann, SB 11.235 St. Johann
44%
J Kitzbühel, TI 9.547 St. Johann
44%
J Murtal, ST 9.853 Judenburg
43%
P Spittal, KT 15.300 Spittal
40%
FP Bruck-Mürzzuschlag, ST 22.609 Kapfenberg
37%
CHW Bruck, NÖ 19.570 Schwechat
36%
V St. Veit, KT 12.386 St. Veit
36%
DGO Linz-Land, OÖ 28.929 Leonding
35%
M Dornbirn, VO 16.731 Hohenems
32%
V Vöcklabruck, OÖ 12.378 Vöcklabruck
30%
V Völkermarkt, KT 10.899 Völkermarkt
26%
V Baden, NÖ 12.126 Bad Vöslau
25%
J Schwaz, TI 7.230 Jenbach
19%
P Mödling, NÖ 14.996 Perchtoldsdorf
17%
CH Baden, NÖ 18.758 Traiskirchen
16%
M Wels-Land, OÖ 14.070 Marchtrenk
15%
X Innsbruck-Land, TI 6.048 Axams
7%
Y Urfahr-Umgebung, OÖ 4.932 Steyregg
7%
P Graz-Land, ST 11.408 Seiersberg-Pirka
6%
J Villach-Land, KT 4.292 St. Jakob
6%
X Wiener Neustadft-Land, NÖ 4.359 Felixdorf
5%
X Kufstein, TI 3.012 Brixlegg
4%
X Salzburg-Umgebung, SB 3.092 Elixhausen
4%
X Mödling, NÖ 2.882 Laxenburg
2%
Y Steyr-Land, OÖ 4.143 Weyer
1%
Y Mistelbach, NÖ 5.483 Poysdorf
0%
Keine übereinstimmenden Quizze gefunden
Verteilung der Resultate
Anzahl Personen mit jedem Resultat
Perzentil nach korrekt beantworteten Fragen
Ihre Resultats-Entwicklung
Sie haben dieses Quiz noch nicht gespielt